Why church? : (Record no. 21492)

MARC details
000 -LEADER
fixed length control field 01887cam a2200373 i 4500
001 - CONTROL NUMBER
control field 20912301
003 - CONTROL NUMBER IDENTIFIER
control field OSt
005 - DATE AND TIME OF LATEST TRANSACTION
control field 20260316162247.0
008 - FIXED-LENGTH DATA ELEMENTS--GENERAL INFORMATION
fixed length control field 190328s2019 ilu b 001 0 eng c
010 ## - LIBRARY OF CONGRESS CONTROL NUMBER
LC control number 2019013106
020 ## - INTERNATIONAL STANDARD BOOK NUMBER
International Standard Book Number 9780830852383
Qualifying information pbk. : alk. paper
020 ## - INTERNATIONAL STANDARD BOOK NUMBER
Canceled/invalid ISBN 9780830872350 (ebk.)
035 ## - SYSTEM CONTROL NUMBER
System control number 20912301
040 ## - CATALOGING SOURCE
Original cataloging agency LBSOR/DLC
Language of cataloging eng
Transcribing agency LBSOR
Description conventions rda
Modifying agency DLC
042 ## - AUTHENTICATION CODE
Authentication code pcc
050 00 - LIBRARY OF CONGRESS CALL NUMBER
Classification number BV600.3
Item number .S86 2019
082 00 - DEWEY DECIMAL CLASSIFICATION NUMBER
Classification number 262
Edition number 23
100 1# - MAIN ENTRY--PERSONAL NAME
Personal name Sunquist, Scott W.
Fuller form of name (Scott William),
Dates associated with a name 1953-
Relator term author.
245 10 - TITLE STATEMENT
Title Why church? :
Remainder of title a basic introduction /
Statement of responsibility, etc. Scott W. Sunquist.
264 #1 - PRODUCTION, PUBLICATION, DISTRIBUTION, MANUFACTURE, AND COPYRIGHT NOTICE
Place of production, publication, distribution, manufacture Downers Grove, Illinois :
Name of producer, publisher, distributor, manufacturer IVP Academic,
Date of production, publication, distribution, manufacture, or copyright notice [2019]
300 ## - PHYSICAL DESCRIPTION
Extent xii, 208 pages ;
Dimensions 23 cm
336 ## - CONTENT TYPE
Content type term text
Source rdacontent
337 ## - MEDIA TYPE
Media type term unmediated
Source rdamedia
338 ## - CARRIER TYPE
Carrier type term volume
Source rdacarrier
504 ## - BIBLIOGRAPHY, ETC. NOTE
Bibliography, etc Includes bibliographical references and indexes.
505 0# - FORMATTED CONTENTS NOTE
Formatted contents note Church: only two purposes -- How did we get here? from the Jesus movement, to Christendom, to post-Christendom -- Come -- Stand -- Kneel -- Sit -- Go -- Healthy body movement -- Epilogue: what we did not talk about.
520 ## - SUMMARY, ETC.
Summary, etc. "Is a church just something we create to serve our purposes or to maintain old traditions? Or is the church something more vital, more meaningful, and more powerful? In this introduction to the nature of the local church, historian and missionary Scott Sunquist brings us a portrait of the church in motion, clarifying the two primary purposes of the church: worship and witness"--
Assigning source Provided by publisher.
650 #0 - SUBJECT ADDED ENTRY--TOPICAL TERM
Topical term or geographic name as entry element Church.
650 #0 - SUBJECT ADDED ENTRY--TOPICAL TERM
Topical term or geographic name as entry element Public worship.
776 08 - ADDITIONAL PHYSICAL FORM ENTRY
Relationship information Online version:
Main entry heading Sunquist, Scott W. (Scott William), 1953- author.
Title Why church?
Place, publisher, and date of publication Downers Grove, IL : IVP Academic, [2019]
International Standard Book Number 9780830872350
Record control number (DLC) 2019015972
906 ## - LOCAL DATA ELEMENT F, LDF (RLIN)
a 7
b cbc
c orignew
d 1
e ecip
f 20
g y-gencatlg
942 ## - ADDED ENTRY ELEMENTS (KOHA)
Source of classification or shelving scheme Library of Congress Classification
Koha item type General Collection
Holdings
Withdrawn status Lost status Source of classification or shelving scheme Not for loan Home library Current library Shelving location Date acquired Source of acquisition Inventory number Total Checkouts Full call number Barcode Date last seen Copy number Price effective from Koha item type
    Library of Congress Classification   Kabarak, Main Campus Kabarak, Main Campus General Stacks 16/03/2026 Donation 2025/3348   BV600.3 .S86 2019 C.1 38542 16/03/2026 C.1 16/03/2026 General Collection
Designed with assistance from East African Informatics Ltd